[Event "1st Grand Europe Open"]
[Site "Golden Sands BUL"]
[Date "2012.06.10"]
[Round "7.52"]
[White "Mammadov,Z"]
[Black "Ilic,SloS2"]
[Result "1-0"]
[WhiteElo "2393"]
[BlackElo "2160"]

1.e4 c5 2.c3 Nf6 3.e5 Nd5 4.g3 Nc6 5.Bg2 Nc7 6.Nf3 g6 7.O-O Bg7 8.Re1 O-O
9.Na3 b6 10.d3 Bb7 11.Nc4 b5 12.Ne3 Rb8 13.Ng4 h5 14.Nh6+ Kh8 15.Nf5 Kg8
16.Nxg7 Kxg7 17.Be3 c4 18.Qd2 Rh8 19.dxc4 bxc4 20.Rad1 Bc8 21.Ng5 Qe8 22.Bf1 h4
23.Bxc4 Ne6 24.Bf1 hxg3 25.fxg3 Nxg5 26.Bxg5 Nd8 27.Bf6+  1-0

[Event "26th Pula Open"]
[Site "Pula CRO"]
[Date "2012.06.11"]
[Round "3.22"]
[White "Vasic,Bo"]
[Black "De Filomeno,S"]
[Result "0-1"]
[WhiteElo "2103"]
[BlackElo "2280"]

1.e4 c5 2.c3 Nf6 3.d3 Nc6 4.Nf3 g6 5.Qc2 Bg7 6.Na3 O-O 7.Bg5 d5 8.Be2 h6
9.Bh4 e5 10.O-O Be6 11.Nd2 Qd7 12.Bg3 g5 13.Rfd1 Rac8 14.Nf1 a6 15.Ne3 b5
16.Nb1 Rfd8 17.Nd2 Nd4 18.cxd4 cxd4 19.Qb1 dxe3 20.fxe3 dxe4 21.dxe4 Qa7
22.Nf1 Rxd1 23.Bxd1 Bc4 24.Bxe5 Bxf1 25.Bd4 Qc7 26.e5 Nd7 27.Kxf1 Bxe5 28.Qf5 Bxd4
29.exd4 Qc4+ 30.Be2 Qxd4 31.Rd1 Qf6 32.Bg4 Rc5 33.Qxf6 Nxf6 34.Bf3 a5 35.Rd2 b4
36.Bd1 Kg7 37.Bb3 Ne4 38.Rd4 f5 39.Ke2 Kf6 40.Rd8 Re5 41.Kf3 Ke7 42.Rd4 Nc5
43.Bg8 f4 44.Bh7 Ne6 45.Rd2 h5 46.Kf2 g4 47.Bc2 h4 48.Bd1 Rg5 49.a3 bxa3
50.bxa3 Kf6 51.Rd6 g3+ 52.hxg3 fxg3+ 53.Kg1 Rc5 54.Kf1 Ke5 55.Rd2 Nf4 56.Bc2 Rc3
57.a4 h3 58.gxh3 g2+ 59.Kg1 Rg3 60.Kh2 g1=Q+  0-1

[Event "ch-FIN 2012"]
[Site "Helsinki FIN"]
[Date "2012.06.12"]
[Round "2"]
[White "Valli,F"]
[Black "Agopov,M"]
[Result "0-1"]
[WhiteElo "2278"]
[BlackElo "2452"]

1.e4 c5 2.c3 Nf6 3.e5 Nd5 4.d4 cxd4 5.Nf3 Nc6 6.cxd4 d6 7.Bc4 e6 8.O-O Be7
9.Qe2 dxe5 10.dxe5 Na5 11.Bd3 Bd7 12.Bd2 Rc8 13.Nc3 Nb4 14.Bb1 Qc7 15.b3 Qb6
16.Rd1 Bc6 17.Be1 O-O 18.Nd4 Rfd8 19.Nxc6 Naxc6 20.Rxd8+ Rxd8 21.a3 Nd5 22.Nxd5 Rxd5
23.Be4 Qd4 24.Bxd5 Qxa1 25.Bxc6 bxc6 26.Kf1 Qxa3 27.Qd3 h6 28.f4 Qc1 29.Qe4 a5
30.g3 Bb4 31.Qe2 Kf8 32.Kf2 Bxe1+ 33.Qxe1 Qxe1+ 34.Kxe1 Ke7 35.Kd2 Kd7 36.Kc3 c5
37.g4 g6 38.h4 h5 39.gxh5 gxh5 40.Kd3 Kc6 41.Kc4 Kb6 42.Kd3 Kb5 43.Kc3 c4  0-1

[Event "16th Voronezh Master Open"]
[Site "Voronezh RUS"]
[Date "2012.06.12"]
[Round "1.34"]
[White "Khalukov,Y"]
[Black "Kalegin,E"]
[Result "0-1"]
[WhiteElo "2192"]
[BlackElo "2482"]

1.e4 c5 2.c3 Nf6 3.e5 Nd5 4.Nf3 e6 5.d4 cxd4 6.cxd4 d6 7.Bc4 Nc6 8.O-O Be7
9.Qe2 O-O 10.Nc3 dxe5 11.dxe5 Nxc3 12.bxc3 Qa5 13.Qe4 Qa4 14.Bg5 h6 15.Bf6 gxf6
16.Qg4+ Kh8 17.Qh4 fxe5 18.Qxh6+ Kg8 19.Ng5 Qc2 20.f4 Qg6 21.Qxg6+ fxg6 22.Nxe6 Bxe6
23.Bxe6+ Kg7  0-1

[Event "ch-FIN 2012"]
[Site "Helsinki FIN"]
[Date "2012.06.14"]
[Round "4"]
[White "Pudas,T"]
[Black "Nyysti,S"]
[Result "0-1"]
[WhiteElo "2313"]
[BlackElo "2341"]

1.e4 c5 2.c3 Nf6 3.e5 Nd5 4.Nf3 e6 5.d4 cxd4 6.cxd4 d6 7.Bd2 Bd7 8.Nc3 Bc6
9.Be2 Nd7 10.O-O Be7 11.Re1 O-O 12.Rc1 dxe5 13.Nxe5 Nxe5 14.dxe5 Nxc3 15.Bxc3 Qd5
16.Qxd5 Bxd5 17.a3 Bg5 18.Rcd1 Rfc8 19.Rd4 Be7 20.Red1 Bxa3 21.Bg4 Rc7 22.Ba5 Rc5
23.b4 Rc2 24.Bf5 Re2 25.Bg4 Rxe5 26.R4d3 Bb2 27.f4 Re4 28.Bf3 Rxf4 29.Bxd5 exd5
30.Rxd5 g6 31.b5 Re8 32.g3 Rfe4 33.Rd7 b6 34.Bd2 Rd4 35.Bf4 Rxd1+ 36.Rxd1 Bf6
37.Rd7 g5 38.Bd6 Re1+ 39.Kf2 Rd1 40.Ke2 Rd4 41.Ke3 h5 42.h4 g4 43.Rd8+ Kh7
44.Rd7 Kg6 45.Rd8 Kf5  0-1

[Event "Spring Wednesday Knighter Masters"]
[Site "Minneapolis USA"]
[Date "2012.06.14"]
[Round "9.4"]
[White "Feshir,M"]
[Black "Drake,J"]
[Result "0-1"]
[WhiteElo "2174"]
[BlackElo "2191"]

1.e4 c5 2.c3 Nf6 3.e5 Nd5 4.d4 cxd4 5.cxd4 d6 6.Nf3 Nc6 7.Nc3 Nxc3 8.bxc3 e6
9.Bd3 dxe5 10.dxe5 Be7 11.Bf4 O-O 12.Qc2 h6 13.Rd1 Qa5 14.O-O b6 15.Qe2 Bb7
16.Qe4 g6 17.Bxh6 Rfd8 18.h4 Rab8 19.Bb1 Nd4 20.Qe3 Nxf3+ 21.gxf3 Rd5 22.Rxd5 Qxd5
23.Be4 Qxa2 24.Bxb7 Rxb7 25.Rd1 Qc2 26.Rd3 Bc5 27.Qd2 Qxd2 28.Bxd2 Be7 29.Rd4 Rc7
30.Kg2 Kf8 31.Kg3 Ke8 32.f4 Rd7 33.Be3 Rxd4 34.Bxd4 Kf8 35.c4 Kg7 36.Kg4 Bc5
37.Bxc5 bxc5 38.Kf3 Kh6 39.Ke3 Kh5 40.Kd3 Kxh4 41.Ke4 Kg4 42.f3+ Kg3 43.Ke3 a5  0-1

[Event "5th Mayors Cup 2012"]
[Site "Mumbai IND"]
[Date "2012.06.14"]
[Round "10.23"]
[White "Banerjee,S"]
[Black "Gara,A"]
[Result "1/2-1/2"]
[WhiteElo "2171"]
[BlackElo "2329"]

1.e4 c5 2.c3 Nf6 3.e5 Nd5 4.d4 cxd4 5.Nf3 Nb6 6.cxd4 d5 7.exd6 Qxd6 8.Nc3 Nc6
9.Be3 e6 10.Bd3 Nb4 11.Be4 N4d5 12.O-O Be7 13.Ne5 O-O 14.Rc1 f5 15.Nb5 Qb4
16.Bd3 Bf6 17.Rc5 Nxe3 18.fxe3 Bxe5 19.a3 Qa4 20.b3 Qa5 21.b4 Qa4 22.Bc2 Qa6
23.dxe5 Nd7 24.Nc7 Qxa3 25.Qd4 Nxc5 26.bxc5 b6 27.Ra1 bxc5 28.Rxa3 cxd4 29.Nxa8 Bb7
30.Rxa7 Bxa8 31.exd4 Bd5 32.Bd1 Rd8 33.Kf2 Bc4 34.Ke3 Rb8  1/2-1/2

[Event "26th Pula Open"]
[Site "Pula CRO"]
[Date "2012.06.14"]
[Round "7.8"]
[White "Bedouin,X"]
[Black "Djurovic,G"]
[Result "1/2-1/2"]
[WhiteElo "2402"]
[BlackElo "2375"]

1.e4 c5 2.c3 Nf6 3.e5 Nd5 4.d4 cxd4 5.cxd4 d6 6.Nf3 e6 7.Bc4 Nc6 8.O-O Be7
9.Qe2 O-O 10.Nc3 Nxc3 11.bxc3 dxe5 12.dxe5 Qa5 13.Bd2 Rd8 14.Rfe1 Qa4 15.Bb3 Qg4
16.Bc2 Kh8 17.h3 Qh5 18.Rab1 b6 19.Be4 Bb7 20.Kh2 f5 21.exf6 Bxf6 22.Rb5 e5
23.Rd5 Rxd5 24.Bxd5 Nd4 25.cxd4 Bxd5 26.dxe5 Be7 27.Bc3 Rf8 28.Nd4 Qg6 29.f3 Bh4
30.Rd1 Bg3+ 31.Kg1 Re8 32.Nf5 Be6 33.Nxg3 Qxg3 34.Be1 Qf4 35.Bf2 Qa4 36.Rd2 h6
37.Kh2 b5 38.Bd4 Rd8 39.Qf2 Qb4 40.f4 a5 41.Qe3 Qb1 42.Rb2 Qd1 43.Rd2 Qb1
44.Rb2 Qd1 45.Rd2  1/2-1/2

[Event "ch-FIN w 2012"]
[Site "Helsinki FIN"]
[Date "2012.06.15"]
[Round "2.1"]
[White "Tuominen,T"]
[Black "Tumanova,I"]
[Result "1-0"]
[WhiteElo "2097"]
[BlackElo "1729"]

1.e4 c5 2.c3 Nf6 3.e5 Nd5 4.d4 cxd4 5.Nf3 Nc6 6.Bc4 Nb6 7.Bb3 d5 8.exd6 Qxd6
9.cxd4 Bg4 10.Bxf7+ Kxf7 11.Ng5+ Kg8 12.Qxg4 Nxd4 13.Qe4 e5 14.O-O h6 15.Nf3 Nxf3+
16.Qxf3 Qd5 17.Qg3 Na4 18.Qg4 Nc5 19.Nc3 Qc6 20.Qe2 Re8 21.Be3 a6 22.Rad1 Ne6
23.Qg4 Bc5 24.Ne4 Nd4 25.Nxc5 Qxc5 26.Bxd4 exd4 27.Rxd4 Qe5 28.h4 h5 29.Qd1 Rh6
30.Qb3+ Kh8 31.Rfd1 b5 32.Rd8 Re6 33.R8d5 Qf4 34.Rxh5+ Rh6 35.Rxh6+ Qxh6
36.Qf7 Rc8 37.g3 Rc1 38.Qe8+ Kh7 39.Qe4+ Kh8 40.Rxc1 Qxc1+ 41.Kg2 Qxb2 42.Qa8+ Kh7
43.Qxa6 Qe2 44.Qc6 b4 45.Qd5 Qe1 46.g4 Qe2 47.Kg3 Qe1 48.h5 Qg1+ 49.Qg2 Qb1
50.f3 Qe1+ 51.Qf2 Qe5+ 52.Kh3 Qc3 53.Qe2 Qc5 54.Qe4+ Kg8 55.Qe8+ Kh7 56.Qg6+ Kh8
57.h6 gxh6 58.Qxh6+ Kg8 59.Qg6+ Kh8 60.Qh5+  1-0

[Event "26th Pula Open"]
[Site "Pula CRO"]
[Date "2012.06.15"]
[Round "8.22"]
[White "Bohn,U"]
[Black "Danner,G"]
[Result "1/2-1/2"]
[WhiteElo "2187"]
[BlackElo "2401"]

1.e4 c5 2.c3 Nf6 3.e5 Nd5 4.Bc4 Nb6 5.Bb3 c4 6.Bc2 Nc6 7.Nf3 Qc7 8.Qe2 g5
9.e6 dxe6 10.Nxg5 Qe5 11.d4 cxd3 12.Bxd3 Bh6 13.Be4 Qg7 14.h4 Bd7 15.Na3 Rc8
16.Be3 Nd5 17.Bxd5 exd5 18.O-O-O d4 19.Qd3 Bg4 20.f3 dxe3 21.fxg4 O-O 22.Rde1 Rcd8
23.Qe4 Rd6 24.Nc4 Rf6 25.Nxe3 Rd8 26.Kb1  1/2-1/2

[Event "3rd Forni di Sopra Open"]
[Site "Forni di Sopra ITA"]
[Date "2012.06.16"]
[Round "1.16"]
[White "Bellincampi,S"]
[Black "Bruno,Fabi"]
[Result "1-0"]
[WhiteElo "2069"]
[BlackElo "2447"]

1.e4 c5 2.c3 Nf6 3.e5 Nd5 4.Nf3 e6 5.Bc4 Nc7 6.d4 d5 7.exd6 Qxd6 8.O-O b5
9.Be2 Bb7 10.Be3 cxd4 11.Qxd4 a6 12.Rd1 Nd5 13.a4 b4 14.Bc1 Nc6 15.Qg4 Rd8
16.c4 Nf6 17.Rxd6 Nxg4 18.Rxd8+ Kxd8 19.h3 Nge5 20.Be3 Nd7 21.Nbd2 Bc5 22.Nb3 Bxe3
23.fxe3 Kc7 24.Rd1 Nce5 25.Nxe5 Nxe5 26.Nc5 a5 27.Nb3 Bc6 28.Nxa5 Bxa4 29.Ra1 Bc2
30.Kf1 g5 31.Ke1 Rd8 32.Rc1 Be4 33.g3 Ra8 34.Nb3 Ra2 35.Nd2 f5 36.b3 Bc2
37.h4 g4 38.c5 h5 39.Nc4 Nf3+ 40.Bxf3 gxf3 41.Nd2 Be4 42.Nxe4 fxe4 43.Rc4 Re2+
44.Kf1 Rxe3 45.Rxb4 Kc6 46.Rc4 Rxb3 47.Rxe4 Kd5 48.Re1 Rc3 49.Kf2 e5 50.c6 e4
51.Rd1+ Ke5 52.Rd8 Rc2+ 53.Kf1 Rxc6  1-0

[Event "16th Voronezh Master Open"]
[Site "Voronezh RUS"]
[Date "2012.06.16"]
[Round "5.45"]
[White "Manelis,V"]
[Black "Kulagin,S"]
[Result "1-0"]
[WhiteElo "2284"]
[BlackElo "2120"]

1.e4 c5 2.c3 Nf6 3.e5 Nd5 4.d4 cxd4 5.Nf3 Nc6 6.cxd4 d6 7.Nc3 dxe5 8.dxe5 Nxc3
9.Qxd8+ Nxd8 10.bxc3 Bd7 11.Be3 g6 12.Rb1 Bg7 13.Bb5 Bxb5 14.Rxb5 a6 15.Rb6 Rc8
16.Bd4 O-O 17.O-O f6 18.Re1 Rc6 19.h3 Rxb6 20.Bxb6 Nc6 21.Rd1 fxe5 22.Rd7 Rb8
23.Ng5 Bf6 24.Ne4 Kf7 25.Kf1 Ke8 26.Rc7 Bh8 27.Ke2 Nd8 28.Ba7 Ra8 29.Bc5 Nc6
30.Rxb7 Kd8 31.Bb6+ Ke8 32.Rc7 Nb8 33.Rc8+  1-0

[Event "16th Voronezh Master Open"]
[Site "Voronezh RUS"]
[Date "2012.06.18"]
[Round "6.20"]
[White "Provotorov,I"]
[Black "Pavlov,S2"]
[Result "0-1"]
[WhiteElo "2386"]
[BlackElo "2460"]

1.e4 c5 2.c3 Nf6 3.e5 Nd5 4.d4 cxd4 5.Nf3 Nc6 6.cxd4 d6 7.Bc4 dxe5 8.Nxe5 e6
9.O-O Be7 10.Nxc6 bxc6 11.Nc3 O-O 12.Re1 a5 13.Ne4 Ba6 14.Qe2 Qb6 15.Bd2 Rfd8
16.Rac1 Bxc4 17.Qxc4 Nb4 18.Be3 Qa6 19.Red1 Qxc4 20.Rxc4 Nxa2 21.Rxc6 Nb4
22.Rc4 h6 23.Ra1 Rdb8 24.Bd2 Nd3 25.Rxa5 Rxa5 26.Bxa5 Ra8 27.Ra4 Bb4 28.Bxb4 Rxa4
29.Ba3 Nxb2 30.Bxb2 Rb4 31.Bc1 Rb1 32.Kf1 Rxc1+ 33.Ke2 Kf8 34.h4 f5 35.Nc5 Ke7
36.Nd3 Rh1 37.Nf4 Kd6 38.h5 Rb1 39.g3 Rb3 40.Nd3 Ra3 41.Nf4 Rb3 42.Nd3 Kd5
43.Nf4+ Kxd4 44.Nxe6+ Ke5 45.Nf4 Ke4 46.Ne6 Ke5 47.Nf4 Ke4 48.Ne6 Rb2+ 49.Ke1 Kf3
50.Nd4+ Kg2 51.Nxf5 Rxf2 52.Nxg7 Rf7  0-1

[Event "16th Voronezh Master Open"]
[Site "Voronezh RUS"]
[Date "2012.06.18"]
[Round "6.4"]
[White "Yudin,S"]
[Black "Dvoirys,S"]
[Result "1/2-1/2"]
[WhiteElo "2530"]
[BlackElo "2572"]

1.e4 c5 2.c3 Nf6 3.e5 Nd5 4.Nf3 Nc6 5.d4 cxd4 6.cxd4 d6 7.Bc4 Nb6 8.Bb5 dxe5
9.Nxe5 Bd7 10.Nxd7 Qxd7 11.Nc3 Rd8 12.O-O e6 13.Bg5 Be7 14.Bxe7 Qxe7 15.Qf3 O-O
16.Bxc6 bxc6 17.Qxc6 Rxd4 18.Rfd1 Rc4 19.Qd6 Qb7 20.Qd3 h6 21.g3 Qc6 22.Qd6 Qb7
23.Qd3 Rc5 24.Qe4 Qxe4 25.Nxe4 Rc2 26.Rd2 Rxd2 27.Nxd2 Rc8 28.b4 Rc2 29.Nb3 Rb2
30.b5 e5 31.Kg2 Nd5 32.Na5 e4 33.Nc4 Rxb5 34.Nd6 Rb4 35.Rd1 Nf6 36.Rc1 Rb2
37.Re1 Rb4 38.Rc1 Rb2 39.Re1 Rxa2 40.Nxe4 Ng4 41.h3 Ne5 42.Nc3 Ra5 43.f4 Nc4
44.Re8+ Kh7 45.Rc8 Nd6 46.Rc6 Nf5 47.g4 Nd4 48.Rd6 Ne6 49.f5 Nc5 50.Rd5 f6
51.Kf3 h5 52.Ke3 Nb3 53.Rd7 hxg4 54.hxg4 Ra1 55.g5 Re1+ 56.Kf2 Re5 57.gxf6 Rxf5+
58.Kg3 Rxf6  1/2-1/2

[Event "Teplice Open 2012"]
[Site "Teplice CZE"]
[Date "2012.06.20"]
[Round "5.38"]
[White "Kaluzny,Ma"]
[Black "Bazantova,M"]
[Result "1/2-1/2"]
[WhiteElo "1876"]
[BlackElo "1977"]

1.e4 c5 2.c3 Nf6 3.e5 Nd5 4.d4 cxd4 5.cxd4 Qc7 6.Bd2 e6 7.Nc3 Nc6 8.Nf3 Nxc3
9.bxc3 Be7 10.Bd3 d6 11.exd6 Qxd6 12.Ng5 Bxg5 13.Bxg5 Qd5 14.Qg4 e5 15.Qe4 Qxe4+
16.Bxe4 exd4 17.Bxc6+ bxc6 18.cxd4 Be6 19.O-O Rb8 20.Bf4 Rb4 21.Rab1 Rb5
22.a4 Rd5 23.Rfc1 O-O 24.Be3 Rc8 25.h3 Kf8 26.Rb7 Ra5 27.d5 Bxd5 28.Rxa7 Rxa7
29.Bxa7 Ra8 30.Bc5+ Ke8 31.Ra1 Kd7 32.a5 Bc4 33.Rd1+ Bd5 34.Bb6 Kd6 35.f4 c5
36.Kf2 Kc6 37.g3 Re8 38.Rb1 Bc4 39.Rc1 Kb5 40.Rd1 Re2+ 41.Kf3 Re8 42.Rd7 Be6
43.Rc7 c4 44.Rc5+ Ka6 45.f5 Bc8 46.Kf4 g6 47.fxg6 hxg6 48.Rxc4 Bxh3 49.Rc7 Be6
50.Kg5 Bd5 51.g4 Re4 52.Rd7 Rxg4+ 53.Kxg4 Be6+ 54.Kg5 Bxd7 55.Kf6 Be6 56.Bd8 Kb5  1/2-1/2

[Event "Paleros Open"]
[Site "Paleros GRE"]
[Date "2012.06.21"]
[Round "7"]
[White "Brzezinski,A"]
[Black "Dorfanis,I"]
[Result "1/2-1/2"]
[WhiteElo "2095"]
[BlackElo "2225"]

1.e4 c5 2.c3 Nf6 3.e5 Nd5 4.Nf3 e6 5.d4 cxd4 6.cxd4 d6 7.Bc4 Nc6 8.O-O Be7
9.Qe2 O-O 10.Nc3 Nxc3 11.bxc3 dxe5 12.dxe5 Qa5 13.Bd2 a6 14.Qe4 Bd7 15.Rfd1 Qc7
16.h4 Na5 17.Bd3 g6 18.Ng5 Bb5 19.Bxb5 axb5 20.h5 Qc4 21.hxg6 hxg6 22.Qf3 Qh4
23.g3 Qh5 24.Qxh5 gxh5 25.Bf4 Rfd8 26.Kg2 Kg7 27.Rab1 Rxd1 28.Rxd1 Rd8 29.Rxd8 Bxd8
30.Ne4 Nc4 31.Nc5 b6 32.Nb3 f6 33.Nd4 Kf7 34.Nxb5 fxe5 35.Be3 Nxe3+ 36.fxe3 e4
37.Nd6+ Kf6 38.Nxe4+ Ke5 39.Kf3  1/2-1/2

[Event "HSG Open A 2012"]
[Site "Hilversum NED"]
[Date "2012.06.24"]
[Round "6.3"]
[White "Jonkman,H"]
[Black "Van Kampen,R"]
[Result "1/2-1/2"]
[WhiteElo "2417"]
[BlackElo "2563"]

1.e4 c5 2.c3 Nf6 3.e5 Nd5 4.Nf3 d6 5.Bc4 Nb6 6.Bb5+ Bd7 7.Bxd7+ Qxd7 8.exd6 e6
9.d4 Bxd6 10.O-O Nc6 11.dxc5 Bxc5 12.Qxd7+ Nxd7 13.Nbd2 Be7 14.Nb3 e5 15.Be3 f6
16.Rad1 O-O-O 17.Nfd2 Nb6 18.Bxb6 axb6 19.Nc4 b5 20.Nb6+ Kb8 21.Nd5 Bd6 22.Ne3 Ne7
23.Rd2 b6 24.Rfd1 Kc7 25.g4 Kc6 26.Kg2 g6 27.a3 Bc7 28.Rxd8 Rxd8 29.Rxd8 Bxd8
30.Kf3 Kd6 31.Ke4 Ke6 32.f4 f5+ 33.gxf5+ gxf5+ 34.Kf3 Nc6 35.h3 Bf6 36.Nc1 exf4
37.Kxf4 h6 38.Ne2 Bg5+ 39.Kf3 Ne5+ 40.Kf2 Nd3+ 41.Kf3 Ne1+ 42.Kf2 Nd3+ 43.Kf3 Bxe3
44.Kxe3 Nxb2 45.Nd4+ Ke5 46.Nxb5 f4+ 47.Kf3 Nc4 48.Nd4 Nxa3 49.Nc6+ Kd5 50.Ne7+ Kc4
51.Nc8 b5 52.Na7 Kxc3 53.Nxb5+ Nxb5 54.Kxf4 Nd6 55.Ke5 Kd3 56.Kxd6 Ke4 57.Kc5 h5
58.Kc4 h4 59.Kc3 Ke3 60.Kc2 Ke2 61.Kc1 Ke1 62.Kc2 Kf2 63.Kd2 Kf1 64.Kd1 Kg2
65.Ke2 Kxh3 66.Kf3 Kh2 67.Kf2 h3 68.Kf1 Kh1 69.Kf2 Kh2 70.Kf1 Kg3 71.Kg1 h2+
72.Kh1 Kh3  1/2-1/2

[Event "30th Greek Cup 2012"]
[Site "Achaea GRE"]
[Date "2012.06.28"]
[Round "1.1"]
[White "Tzermiadianos,An"]
[Black "Romanos,T"]
[Result "1-0"]
[WhiteElo "2438"]
[BlackElo "2072"]

1.e4 c5 2.c3 Nf6 3.e5 Nd5 4.Nf3 Nc6 5.Na3 g6 6.Qb3 Nc7 7.d4 Bg7 8.dxc5 Nxe5
9.Nxe5 Bxe5 10.Nc4 Bg7 11.Be2 O-O 12.O-O Ne6 13.Be3 d5 14.cxd6 exd6 15.Rad1 d5
16.Na3 Nc7 17.Nb5 Be6 18.Bd4 a6 19.Nxc7 Qxc7 20.Bf3 Qc4 21.Bxg7 Kxg7 22.Bxd5 Qxb3
23.axb3 Bxd5 24.Rxd5 Rfe8 25.Rfd1 Re2 26.R5d2 Rae8 27.Kf1 R2e5 28.b4 R8e6
29.h4 b5 30.g3 h5 31.Rd6 Kf6 32.Rxe6+ Rxe6 33.Rd7 Kg7 34.Ra7 Kf8 35.Kg2 Kg7
36.Kf3 Kf8 37.Rd7 Kg7 38.Rd4 Re1 39.Rd6 Ra1 40.Ke3 Ra2 41.Rd2 Kf6 42.Kd4 Kf5
43.c4 bxc4 44.Kxc4 f6 45.Kb3 Ra1 46.b5 axb5 47.Kb4 g5 48.Kxb5 Kg4 49.b4 Kf3
50.Rd5 Kxf2 51.hxg5 Kxg3 52.gxf6 Kg4 53.Rd8 Rf1 54.Rg8+ Kh3 55.Rf8 h4 56.f7 Rf4
57.Ka5  1-0

[Event "30th Greek Cup 2012"]
[Site "Achaea GRE"]
[Date "2012.06.28"]
[Round "1.1"]
[White "Kitharidis,A"]
[Black "Halkias,S"]
[Result "0-1"]
[WhiteElo "1948"]
[BlackElo "2570"]

1.e4 c5 2.c3 Nf6 3.e5 Nd5 4.d4 cxd4 5.cxd4 e6 6.Nf3 d6 7.Bc4 Nb6 8.Bb5+ Bd7
9.Bxd7+ N8xd7 10.O-O Be7 11.Nc3 dxe5 12.dxe5 O-O 13.b3 Rc8 14.Ne4 Nd5 15.Bb2 Nc5
16.Qd4 Nxe4 17.Qxe4 Qa5 18.Rfd1 h6 19.Nd2 Rfd8 20.Nc4 Qa6 21.Qg4 Bf8 22.a4 Rc7
23.Ba3 Bxa3 24.Rxa3 b5 25.axb5 Qxb5 26.h3 Qb4 27.Qf3 Rb8 28.Rda1 Qc5 29.Ra5 Rb5
30.Ra6 Rb8 31.R6a5 Qe7 32.Qd3 Rcb7 33.R1a3 Qg5 34.Rxa7 Rxa7 35.Rxa7 Qxg2+
36.Kxg2 Nf4+ 37.Kf3 Nxd3 38.Ra3 Rb5 39.Ke3 Nxe5 40.Ra8+ Kh7 41.Nxe5 Rxe5+
42.Kd4 Re2 43.f3 Rf2 44.b4 Rxf3 45.b5 Rxh3 46.b6 Rb3 47.Kc5 Rc3+ 48.Kd6 Rb3
49.Kc6 g5 50.b7 Kg6 51.b8=Q Rxb8 52.Rxb8 h5 53.Kc5 Kf5 54.Kd4 Kf4 55.Kd3 Kf3
56.Rb7 f5 57.Re7 h4 58.Rxe6 h3 59.Re3+ Kg2 60.Re2+ Kg3 61.Re3+ Kg4 62.Re2 f4
63.Ke4 Kg3 64.Rb2 g4  0-1

[Event "30th Greek Cup 2012"]
[Site "Achaea GRE"]
[Date "2012.06.29"]
[Round "2.2"]
[White "Kesidis,O"]
[Black "Mastrovasilis,D"]
[Result "1/2-1/2"]
[WhiteElo "2137"]
[BlackElo "2612"]

1.e4 c5 2.c3 Nf6 3.e5 Nd5 4.d4 cxd4 5.Nf3 e6 6.cxd4 d6 7.Bc4 Nb6 8.Bd3 dxe5
9.dxe5 Na6 10.Bg5 Bb4+ 11.Nc3 Bxc3+ 12.bxc3 Qc7 13.O-O Nc5 14.Bc2 Bd7 15.a4 h6
16.Be3 Nc4 17.Bd4 Nb2 18.Qe2 Nbxa4 19.Rfb1 O-O 20.Rb4 a5 21.Rc4 b5 22.Bxa4 bxc4
23.Bxc5 Qxc5 24.Bxd7 Rad8 25.Ba4 Rd3 26.Qb2 Rfd8 27.h3 Rxf3 28.gxf3 Qxe5
29.Qb6 Qg5+ 30.Kf1 Qh4 31.Rd1 Qxh3+  1/2-1/2

[Event "40th TCh-GRE 2012"]
[Site "Achaea GRE"]
[Date "2012.06.30"]
[Round "1.13"]
[White "Poulidis,S"]
[Black "Kolomvakis,S"]
[Result "1-0"]
[WhiteElo "1935"]
[BlackElo "1806"]

1.e4 c5 2.c3 Nf6 3.e5 Nd5 4.d4 cxd4 5.Nf3 Nc6 6.cxd4 e6 7.Bc4 Nb6 8.Bb3 d5
9.Nc3 Be7 10.a3 a6 11.h4 Bd7 12.h5 h6 13.Bc2 Qc7 14.O-O Na7 15.Bd3 Rc8 16.Bd2 Nc4
17.Qc2 Qb6 18.Rab1 Nxd2 19.Qxd2 Nb5 20.Ne2 Na7 21.Rbc1 O-O 22.Nc3 Nb5 23.Bb1 Nxc3
24.Rxc3 Rxc3 25.Qxc3 f5 26.exf6 Bxf6 27.Re1 Bb5 28.Ne5 Bxe5 29.Rxe5 Rf6 30.Qc8+ Kf7
31.Bg6+ Ke7 32.Qc3 Rf4 33.Qb4+ Kd7 34.a4 Rxd4 35.Qf8 Rd1+ 36.Kh2 Qd4 37.Be8+ Kc7
38.Qe7+ Kb8 39.Re3 Qf4+ 40.Rg3 Bxe8 41.Qxe8+ Ka7 42.Qxe6 Qxf2 43.Qe3+ Qxe3
44.Rxe3 Rd2 45.Re7 Rxb2 46.Rxg7 d4 47.Rd7 Rb4 48.Kh3 Kb6 49.Rd6+ Kc5 50.Rxh6 d3
51.Rf6 d2 52.Rf1 Rd4 53.Rd1 Kc4 54.g4 Kc3 55.h6 Kc2 56.Rxd2+ Kxd2 57.h7 Rd8
58.g5 b5 59.g6 Rh8 60.axb5 axb5 61.Kg4 b4 62.g7 Rxh7 63.g8=Q Ra7 64.Qb3 Rc7
65.Qxb4+ Rc3 66.Kf4 Kc2 67.Ke4 Rh3 68.Qc4+ Kd2 69.Qa2+ Ke1 70.Qc2 Kf1 71.Qd1+ Kf2
72.Qg4 Re3+ 73.Kd4 Ra3 74.Qf4+ Ke2 75.Qe4+ Kf2 76.Qc2+ Kf3 77.Qc1 Ra4+ 78.Kd3 Ra7  1-0

[Event "HSC/De Legibus Open"]
[Site "Helmond NED"]
[Date "2012.06.30"]
[Round "5.4"]
[White "Faber,H FRA"]
[Black "Swinkels,R"]
[Result "0-1"]
[WhiteElo "2061"]
[BlackElo "2485"]

1.e4 c5 2.c3 Nf6 3.e5 Nd5 4.d4 cxd4 5.cxd4 d6 6.Nf3 e6 7.a3 Bd7 8.Bd3 Bc6
9.O-O Nd7 10.Qe2 Be7 11.b4 a6 12.Bd2 Qb6 13.Nc3 Nxc3 14.Bxc3 Bxf3 15.gxf3 d5
16.Kh1 Rc8 17.Bb2 g6 18.f4 O-O 19.f5 exf5 20.Rg1 Kh8 21.Qe3 Qe6 22.Rg3 Rg8
23.Rag1 Bh4 24.Rf3 Rg7 25.Qh6 g5 26.Qxe6 fxe6 27.Bb1 g4 28.Rc3 Rxc3 29.Bxc3 Bxf2
30.Rf1 Be3 31.Bd3 Nb6 32.b5 axb5 33.Bxb5 Nc4 34.a4 f4 35.Bxc4 dxc4 36.Kg2 h5
37.Rd1 h4  0-1

[Event "7th Vladimir Dvorkovich Cup"]
[Site "Moscow RUS"]
[Date "2012.06.30"]
[Round "2.9"]
[White "Ali Marandi,C"]
[Black "Eliseev,U"]
[Result "1-0"]
[WhiteElo "2351"]
[BlackElo "2485"]

1.e4 c5 2.c3 Nf6 3.e5 Nd5 4.d4 cxd4 5.cxd4 d6 6.Nf3 Nc6 7.Bc4 Nb6 8.Bb3 dxe5
9.d5 Na5 10.Nc3 Nxb3 11.Qxb3 e6 12.Nxe5 exd5 13.Be3 Bd6 14.Qb5+ Kf8 15.Nf3 Bd7
16.Qb3 Be6 17.Nd4 Nc4 18.O-O Qb8 19.h3 Qc8 20.Nxe6+ fxe6 21.Rfe1 Kf7 22.Rac1 Be7
23.Bd4 Qd7 24.Qd1 Rhe8 25.Qg4 Bf8 26.b3 Na5 27.Nxd5 Nc6 28.Re3 Qxd5 29.Rf3+ Qxf3
30.Qxf3+ Kg8 31.Bb2 Rad8 32.Re1 Rd2 33.Bc3 Rd6 34.Qg4 a6 35.h4 Re7 36.Bb2 Rf7
37.Rxe6 Rd2 38.Re2 Rd1+ 39.Kh2 Rd6 40.Re8 Rg6 41.Qc4 b5 42.Qd5 Rh6 43.Kg1 Rg6
44.Ba3 b4 45.Bxb4  1-0

[Event "NIKI Open 2012"]
[Site "Nachod CZE"]
[Date "2012.06.30"]
[Round "1.27"]
[White "Horak,Ales"]
[Black "Postupa,P1"]
[Result "0-1"]
[WhiteElo "1639"]
[BlackElo "2038"]

1.e4 c5 2.c3 Nf6 3.e5 Nd5 4.d4 cxd4 5.cxd4 d6 6.f4 Nc6 7.Nf3 Bg4 8.Bc4 e6
9.O-O Qb6 10.Kh1 Bxf3 11.Rxf3 Qxd4 12.Qb3 Nb6 13.Bb5 dxe5 14.Be3 Qb4 15.Nc3 Qxb3
16.axb3 Nd7 17.Bxc6 bxc6 18.Rxa7 Rxa7 19.Bxa7 exf4 20.Rxf4 Bd6 21.Rc4 Ke7
22.Rxc6 Ra8 23.Bg1 Ra1 24.Na4 Ne5 25.Ra6 Nd3 26.g3 Be5 27.Ra7+ Kf6 28.Kg2 Rxg1+  0-1

[Event "XXI Adolf Anderssen Mem Prelim"]
[Site "Wroclaw POL"]
[Date "2012.06.30"]
[Round "1"]
[White "Vysochin,S"]
[Black "Mondrzycki,B"]
[Result "1-0"]
[WhiteElo "2550"]
[BlackElo "2056"]

1.e4 c5 2.c3 Nf6 3.e5 Nd5 4.Nf3 g6 5.d4 cxd4 6.Qxd4 Nc7 7.Qh4 Nc6 8.Bh6 Bxh6
9.Qxh6 d6 10.exd6 Qxd6 11.Be2 Bg4 12.O-O O-O-O 13.Nbd2 e5 14.Nc4 Qe7 15.Ne3 Bxf3
16.Bxf3 e4 17.Be2 f5 18.Rad1 Ne6 19.Bc4 Kb8 20.Nxf5 gxf5 21.Qxe6 Qxe6 22.Bxe6 Rhf8
23.Rxd8+ Nxd8 24.Bd5 Kc7 25.f3 e3 26.f4 Nc6 27.Rf3 Re8 28.Kf1 Kd6 29.Bxc6 Kxc6
30.Ke2  1-0

[Event "40th TCh-GRE 2012"]
[Site "Achaea GRE"]
[Date "2012.07.01"]
[Round "2.11"]
[White "Kontis,Michail"]
[Black "Kouskoutis,Georgios-Alexandros"]
[Result "0-1"]
[WhiteElo "1491"]
[BlackElo "1660"]

1.e4 c5 2.c3 Nf6 3.e5 Nd5 4.d4 cxd4 5.cxd4 e6 6.Nf3 d6 7.Bc4 Nb6 8.Bb3 Nc6
9.O-O Be7 10.Nc3 a6 11.a3 dxe5 12.dxe5 Qxd1 13.Rxd1 Nd7 14.Bf4 h6 15.Ne4 g5
16.Bg3 g4 17.Nd4 Ncxe5 18.Rac1 Ng6 19.Rc7 Nf6 20.Nd6+ Bxd6 21.Bxd6 Bd7 22.Rxb7 Ne4
23.Bb4 a5 24.Bc2 Nf6 25.Bxg6 axb4 26.Bc2 bxa3 27.bxa3 O-O 28.Ra1 Ba4 29.Bxa4 Rxa4
30.Nb3 Rfa8 31.Nc5 Rxa3 32.Rab1 Ra1 33.Kf1 Rxb1+ 34.Rxb1 Rc8 35.Nd3 Rc7 36.Ne5 Kg7
37.Rd1 Rc5 38.Nd3 Rc2 39.Re1 h5 40.h3 gxh3 41.gxh3 Nd5 42.Kg2 Rc3 43.Ne5 Nf4+
44.Kh2 Rxh3+ 45.Kg1 Ra3 46.Re4 Nh3+ 47.Kg2 Ng5 48.Rh4 Nh7 49.Rxh5 Ra5 50.Rxh7+ Kxh7
51.Nxf7 Rd5  0-1

[Event "1st CT Casino Marina del Sol"]
[Site "Talcahuano CHI"]
[Date "2012.07.01"]
[Round "6.3"]
[White "Caceres Leal,Jaime"]
[Black "Riffo Paz,E"]
[Result "0-1"]
[WhiteElo "2137"]
[BlackElo "2238"]

1.e4 c5 2.c3 Nf6 3.e5 Nd5 4.d4 cxd4 5.Nf3 e6 6.cxd4 b6 7.Nc3 Nxc3 8.bxc3 Be7
9.Bd3 Ba6 10.c4 O-O 11.Qe2 Nc6 12.d5 exd5 13.cxd5 Bxd3 14.Qxd3 Nxe5 15.Nxe5 Bf6
16.Bb2 Re8 17.O-O Bxe5 18.Bxe5 Rxe5 19.d6 Qf6 20.Rac1 Re6 21.Rfd1 Rae8 22.Kf1 h5
23.h3 g6 24.Rc7 Re3 25.Qd2 Qf4 26.Rxa7 Rxh3 27.Kg1 Rh4 28.Ra3 Rg4 29.Rb3 h4
30.Qd3 Qg5 31.Qf3 Rf4 32.Qh3 Re2 33.Rf1 Qc5 34.Rf3 Rxf3 35.Qxf3 Rd2 36.Qf6 Qxd6
37.Qxh4 Rxa2 38.Qd8+ Kg7 39.Rb1 b5 40.Qg5 b4 41.Qg4 b3 42.Rd1 Qxd1+ 43.Qxd1 b2
44.Qd4+ Kg8 45.Kh2  0-1

[Event "XXI Adolf Anderssen Mem KO"]
[Site "Wroclaw POL"]
[Date "2012.07.01"]
[Round "2.1"]
[White "Vysochin,S"]
[Black "Stachowiak,K"]
[Result "1-0"]
[WhiteElo "2533"]
[BlackElo "2419"]

1.e4 c5 2.c3 Nf6 3.e5 Nd5 4.Nf3 e6 5.Bc4 Nc6 6.d4 cxd4 7.cxd4 d6 8.O-O Be7
9.Qe2 O-O 10.Re1 Bd7 11.Nc3 Nxc3 12.bxc3 dxe5 13.dxe5 Qc7 14.Bd3 Rfd8 15.Bf4 Be8
16.Rac1 Rac8 17.h4 Na5 18.Nd4 a6 19.h5 Nc6 20.Qe4 g6 21.hxg6 hxg6 22.Nf3 Rd5
23.Bc4 Rc5 24.Bb3 Na5 25.Nd4 Nxb3 26.axb3 b5 27.Re3 Bc6 28.Qd3 Bd5 29.Rh3 Bb7
30.Qg3 Qd7 31.Qh2  1-0